Nové trendy v cestovním ruchu v Peru - turistika soužití

Základné podmienky rozvoja turistiky spolužitia: politická stabilita regiónu a posilnenie infraštruktúry. Cestovný ruch na vidieku. Ezoterická turistika. Vládna podpora cestovného ruchu v Peru. Príklady rozvoja turistiky v andských komunitách. Komunita Q`eros - príklad zmien v oblasti cestovného ruc...

Description complète

Enregistré dans:
Détails bibliographiques
Auteur principal: Vilímková, Olga
Format: Chapitre de livre
Langue:tchèque
Sujets:
Tags: Ajouter un tag
Pas de tags, Soyez le premier à ajouter un tag!

MARC

LEADER 00000nla a2200000 4500
001 0226935
005 20240417075110.9
041 0 |a cze 
044 |a CZ 
245 1 0 |a Nové trendy v cestovním ruchu v Peru - turistika soužití  |c Olga Vilímková 
520 |a Základné podmienky rozvoja turistiky spolužitia: politická stabilita regiónu a posilnenie infraštruktúry. Cestovný ruch na vidieku. Ezoterická turistika. Vládna podpora cestovného ruchu v Peru. Príklady rozvoja turistiky v andských komunitách. Komunita Q`eros - príklad zmien v oblasti cestovného ruchu. 
610 2 0 |a ruch cestovný 
610 2 0 |a ruch cestovný vidiecky 
610 2 0 |a turistika 
610 2 0 |a služby 
610 2 0 |a infraštruktúra 
610 2 0 |a kultúra 
610 2 0 |a etnikum 
610 2 0 |a Peru 
100 1 |a Vilímková, Olga